|
|
|
|
| LEADER |
01249njm a2200337 a 4500 |
| 001 |
000544154 |
| 003 |
CZ BrMZK |
| 005 |
20110422114957.0 |
| 008 |
000105s2000 xr f cze d |
| 028 |
0 |
3 |
|a SU 5275-2 811
|b Supraphon
|
| 040 |
|
|
|a BOA001
|b cze
|
| 080 |
|
|
|a 821-93
|2 MRF
|
| 080 |
|
|
|a 821.162.3-34
|2 MRF
|
| 080 |
|
|
|a (086.7.053.2)
|2 MRF
|
| 080 |
|
|
|a (086.76)
|2 MRF
|
| 100 |
1 |
|
|a Čtvrtek, Václav,
|d 1911-1976
|7 jk01021929
|
| 245 |
1 |
0 |
|a Jak Křemílek a Vochomůrka hledali, až našli
|h [zvukový záznam] /
|c Václav Čtvrtek ; [hudba Jaroslav Celba]
|
| 260 |
|
|
|a Praha :
|b Supraphon,
|c p1970, 1975, p1994, p2000
|
| 300 |
|
|
|a 1 CD :
|b AAD stereo ;
|c 12 cm +
|e 1 list.
|
| 306 |
|
|
|a 005554
|
| 500 |
|
|
|a Nahr. 1974, 1970, 1994
|
| 500 |
|
|
|a Durata 55:54
|
| 511 |
0 |
|
|a Vypravuje Jiřina Bohdalová.
|
| 655 |
|
7 |
|a české pohádky
|7 fd133970
|2 czenas
|
| 655 |
|
7 |
|a zvukové záznamy pro děti a mládež
|7 fd186726
|2 czenas
|
| 655 |
|
7 |
|a kompaktní desky
|7 fd201991
|2 czenas
|
| 700 |
1 |
|
|a Bohdalová, Jiřina,
|d 1931-
|7 jn19981000297
|
| 700 |
1 |
|
|a Celba, Jaroslav,
|d 1924-2013
|7 xx0016226
|
| 910 |
|
|
|a BOA001
|b CD-0009.135
|
| 990 |
|
|
|a AV
|
| 996 |
6 |
|
|b 261H009831
|c CD-0009.135
|l MZK
|r Sklad / do 24 hodin
|n 1
|p p.v.
|w 000544154
|u 000010
|a 1
|e BOA001
|j MZK50
|s P
|